The modern law of charities / (Record no. 50083)
[ view plain ]
| 000 -LEADER | |
|---|---|
| fixed length control field | 00894nam a2200253 a 4500 |
| 001 - CONTROL NUMBER | |
| control field | 50083 |
| 003 - CONTROL NUMBER IDENTIFIER | |
| rucl marc code | BD-RjUL |
| 005 - DATE AND TIME OF LATEST TRANSACTION | |
| control field | 20211209075444.0 |
| 008 - FIXED-LENGTH DATA ELEMENTS--GENERAL INFORMATION | |
| fixed length control field | 160823s1962 enk bl 001 0 eng |
| 035 ## - SYSTEM CONTROL NUMBER | |
| System control number | (BD-RjUL)50203 |
| 040 ## - CATALOGING SOURCE | |
| Original cataloging agency | DLC |
| Transcribing agency | DGW-L |
| Modifying agency | BD-RjUL |
| Language of cataloging | eng |
| 041 ## - LANGUAGE CODE | |
| Language code of text/sound track or separate title | eng |
| 082 ## - DEWEY DECIMAL CLASSIFICATION NUMBER | |
| Edition number | 23 |
| Classification number | 346.41064 |
| Author mark and year | KEM 1962 |
| 100 1# - MAIN ENTRY--PERSONAL NAME | |
| Personal name | Keeton, George W. |
| Dates associated with a name | 1902-1989. |
| 9 (RLIN) | 132044 |
| 245 14 - TITLE STATEMENT | |
| Title | The modern law of charities / |
| Statement of responsibility, etc. | George W. Keeton. |
| 260 ## - PUBLICATION, DISTRIBUTION, ETC. (IMPRINT) | |
| Place of publication, distribution, etc. | London : |
| Name of publisher, distributor, etc. | Pitman, |
| Date of publication, distribution, etc. | c1962 |
| 300 ## - PHYSICAL DESCRIPTION | |
| Pagination | xxxv, 345 p. ; |
| Size | 23 cm. |
| 504 ## - BIBLIOGRAPHY, ETC. NOTE | |
| Bibliography, etc | Includes bibliographical references and index. |
| 650 #0 - SUBJECT ADDED ENTRY--TOPICAL TERM | |
| Topical term or geographic name as entry element | Charity laws and legislation |
| Geographic subdivision | Great Britain. |
| 9 (RLIN) | 150109 |
| Topical term or geographic name as entry element | Charity laws and legislation |
| Geographic subdivision | Commonwealth of Nations. |
| 9 (RLIN) | 150110 |
| 710 12 - ADDED ENTRY--CORPORATE NAME | |
| Corporate name or jurisdiction name as entry element | Great Britain. |
| Title of a work | Charities Act, 1960. |
| Date of a work | 1962. |
| 9 (RLIN) | 150111 |
| Corporate name or jurisdiction name as entry element | New Zealand. |
| Title of a work | New Zealand Charitable Trusts Act, 1957. |
| Date of a work | 1962 |
| 9 (RLIN) | 150112 |
| 942 ## - ADDED ENTRY ELEMENTS (KOHA) | |
| Source of classification or shelving scheme | Dewey Decimal Classification |
| Koha item type | Books |
| Lost status | Source of classification or shelving scheme | Damaged status | Not for loan | Collection code | Permanent Location | Current Location | Shelving location | Date acquired | Source of acquisition | Total Checkouts | Full call number | Date last seen | Copy number | Koha item type |
|---|---|---|---|---|---|---|---|---|---|---|---|---|---|---|
| Dewey Decimal Classification | Non-fiction | Central Library, University of Rajshahi | Central Library, University of Rajshahi | 11/10/1965 | Zeitlinger | 346.41064 KEM 1962 | 23/08/2016 | C-2 | Books | |||||
| Dewey Decimal Classification | Non-fiction | Central Library, University of Rajshahi | Central Library, University of Rajshahi | 09/03/1966 | Zeitlinger | 346.41064 KEM 1962 | 22/10/2016 | C-3 | Books |